00418nam a2200193Ia 4500003000900000008004100009040001300050040001300063041000800076100001800084245002100102250001100123260001200134260000900146300001000155300001000165490004300175490000600218IT-RoPAU120407s9999 xx 000 0 und d aIT-RoPAU cIT-RoPAU aita aHenri Bergson aSaggi pedagogici aTorino aParavia c1962 a72 p. c20 cm aBiblioteca di filosofia e pedagogia,11 v1